| 000 | 00787nam a2200205Ii 4500 | ||
|---|---|---|---|
| 003 | JO-AjNU | ||
| 008 | 230605s9999||||xx |||||||||||||| ||und|| | ||
| 040 |
_aJO-AjNU _bara _erda _cJO-AjNU |
||
| 041 | _aara | ||
| 050 | 1 | 4 | _aBF455.T3412.2006 |
| 100 | 3 |
_aلجنة الترجمة والتعريب/اعداد, _eauthor _922454 |
|
| 245 | 0 | 0 | _aتعليم مهارات التفكير: مداخل وتدريبات عملية(دليل المعلم والمتعلم) |
| 250 | _aط1 | ||
| 264 | 3 | 1 | _aالعين:دار الكتاب الجامعي ،2006 |
| 300 | _a302ص | ||
| 336 |
_atext _btxt _2rdacontent |
||
| 337 |
_aunmediated _bn _2rdamedia |
||
| 338 |
_avolume _bnc _2rdacarrier |
||
| 650 | 4 |
_aالتفكير الابداعي-كتب ارشادية-التفكير الادراكي _922455 |
|
| 999 |
_aA7973 _c11541 _d11541 |
||